000 00634nam a2200241Ia 4500
003 OSt
005 20221007110545.0
006 a|||||r|||| 00| 0
007 ta
008 221006b |||||||| |||| 00| 0 eng d
024 _a21,333
037 _cTextual
040 _aLCO
_cLCO
_beng
041 _2eng
_aeng
082 _aY:45, L2
100 _aSylvester Sawyer
_9707632
245 0 _aHeritage of Modern Criminology
260 _aCambridge
_bSchenkman Publishing Company U.S.A.
_c1972
300 _a184
650 _aCRIMINOLOGY
942 _hY:45, L2
_cTEXL
999 _c1190896
_d1190896